000 01755nam a2200517 i 4500
001 54843
003 KOSZ 005
005 20211116105343.0
008 080327s2007 pl a |000 0 pol
015 _aUWD 2008/8025
020 _a9788372077301
035 _a991040498299705066
035 _a(PL-WaBN)b20823058-48omnis_nlop
035 _ab20823058
035 _a(OCoLC)832955027
035 _a(PL)b0000002082305
035 _a(EXLNZ-48OMNIS_NETWORK)9910495783305606
040 _aWA N
_cWA N
_dKOSZ 005/HR
046 _k1998
080 _a656.1/.7
080 _a338.49
080 _a(075.8)
100 1 _aBasiewicz, Tadeusz
_d(1927-2016)
_eAutor
245 1 0 _aInfrastruktura transportu /
_cTadeusz Basiewicz, Andrzej Gołaszewski, Leszek Rudziński.
250 _aWyd. 3 bez zm.
260 _aWarszawa :
_bOficyna Wydawnicza Politechniki Warszawskiej,
_c2007.
300 _a215 s. :
_bil. ;
_c24 cm.
336 _aTekst
_btxt
_2rdacontent
337 _aBez urządzenia pośredniczącego
_bn
_2rdamedia
338 _aWolumin
_bnc
_2rdacarrier
380 _aKsiążki
380 _aPublikacje dydaktyczne
385 _mPoziom nauczania
_aSzkoły wyższe
388 _a2001-
504 _aBibliogr. s. 215.
650 7 _aTransport
_2DBN
650 7 _aInfrastruktura
655 7 _aPodręczniki akademickie
_2DBN
658 _aTransport i logistyka
700 1 _aGołaszewski, Andrzej
_c(transport)
_eAutor
700 1 _aRudziński, Leszek
_eAutor
710 2 _aOficyna Wydawnicza Politechniki Warszawskiej
_4pbl
856 _uhttp://koha.tu.koszalin.pl/cgi-bin/koha/opac-detail.pl?biblionumber=54843
_yKatalog online BPK
942 _2UKD
_cKS
999 _c54843
_d54843